00379nam a2200133 a 450000500170000000800410001702000180005805000200007610000180009624500510011426000480016530000190021365000130023220140412111409.0070817s19uu xx 00 eng d a981-00-8927-9 aERbBe38Ma 1995 aHewitt, Sally aBear's sticker book: Matching /cSally Hewitt. aSingapore :bQuarto childrens books,c1995. a1 v. (unpaged) aMatching